000 00911nam a2200229Ia 4500
999 _c37583
_d37583
001 3554
003 GE_BSU
005 20190620153514.0
008 181216s2003||||ge |||||||||||||| ||geo||
040 _cGE_BSU
041 _ageo
080 _a581.1 დ–15
100 _aდავითაძე, მურმან
_92516
245 _aყვავილი თოვლში :
_bსტატიები. წერილები /
_cმურმან დავითაძე ; რედ. ქეთევან დოლიძე.
264 _aბათუმი :
_bაჭარა,
_c2003.
300 _a237 გვ.
_b20 სმ.
653 _aყვავილი თოვლში
653 _aბოტანიკა
653 _aწერილები, სტატიები
700 _aდოლიძე, ქეთევან
_eრედაქტორი
_9333
942 _cBK
_2udc